| 000 | 00571nam a2200145Ia 4500 | ||
|---|---|---|---|
| 008 | 100415s9999 xx 000 0 und d | ||
| 082 |
_b9920 _a595.77(54) |
||
| 100 | _aMisra KS | ||
| 245 | _aThe Fauna of India and the Adjacent Countries Pisces Vol. 1 (Elasmobranchii and Holocephali) | ||
| 260 |
_aCALCUTTA _c1969 _bZSI |
||
| 365 | _b0 | ||
| 630 | _aThe Fauna of India and the Adjacent Countries Pisces Vol. 1 (Elasmobranchii and Holocephali) | ||
| 730 | _aThe Fauna of India and the Adjacent Countries Pisces Vol. 1 (Elasmobranchii and Holocephali) | ||
| 942 | _cBOOK | ||
| 999 |
_c592852 _d592849 |
||